Word Ladder: Australian State Capital Quiz Stats

 Plays Quiz Updated May 19, 2016

Challenge
Share
Tweet
Embed
Score 0/12 Timer 01:00
0 Plays Today
Clue 4-Letter Word % Correct
Quick haircut; tend to a hedgeTRIM
95.6%
Edge of a hatBRIM
95%
Public transport vehicle on railsTRAM
94.8%
A set of playersTEAM
94.8%
Teaching period; an expressionTERM
82.4%
🌏 Jewish rite of circumcision; first part of Queensland's capital 🌏🌏 BRIS 🌏
79.2%
Richard of 'Chicago' or 'Primal Fear'GERE
77.5%
Used to be (plural form)WERE
76.4%
🌏 Batman villain; last part of Queensland's capital 🌏🌏 BANE 🌏
76.1%
It might make you sickGERM
75.9%
Decrease graduallyWANE
69.5%
Suffix with 'soft' or 'silver'WARE
65%

Today's Daily Dose

Missing Word
Orlando Bloom

Quick Pick
November Things

On This Day
November 15th II

You're not logged in!

Compare scores with friends on all Sporcle quizzes.
Join for Free
OR
Log In

You Might Also Like...

Show Comments

Extras

Top Quizzes Today


Score Distribution

Your Account Isn't Verified!

In order to create a playlist on Sporcle, you need to verify the email address you used during registration. Go to your Sporcle Settings to finish the process.

Report this User

Report this user for behavior that violates our Community Guidelines.

Details: